Analýza publikačnej činnosti ekonomického zamerania na Slovensku v rokoch 1993-2003 10 rokov samostatnosti Slovenskej republiky 1993-2003
Guardado en:
| Autor principal: | |
|---|---|
| Formato: | Libro |
| Lenguaje: | eslovaco |
| Publicado: |
Bratislava
Prognostický ústav SAV
2003
|
| Materias: | |
| Etiquetas: |
Sin Etiquetas, Sea el primero en etiquetar este registro!
|
MARC
| LEADER | 00000nam$a2200000$$$4500 | ||
|---|---|---|---|
| 001 | 0026230 | ||
| 005 | 20240223110041.7 | ||
| 041 | 0 | |a slo | |
| 044 | |a SK | ||
| 245 | 1 | 0 | |a Analýza publikačnej činnosti ekonomického zamerania na Slovensku v rokoch 1993-2003 |b 10 rokov samostatnosti Slovenskej republiky 1993-2003 |c Boris Procházka |
| 264 | 1 | |a Bratislava |b Prognostický ústav SAV |c 2003 | |
| 300 | |a 23 s. | ||
| 610 | 2 | 0 | |a činnosť publikačná |
| 610 | 2 | 0 | |a vydavateľstvá |
| 610 | 2 | 0 | |a ekonómia |
| 610 | 2 | 0 | |a veda ekonomická |
| 610 | 2 | 0 | |a bibliografia |
| 610 | 2 | 0 | |a Slovensko |
| 100 | 1 | |a Procházka, Boris | |